Database :principles programming performance (Record no. 170799)

000 -LEADER
fixed length control field 00428nam a2200145Ia 4500
008 - FIXED-LENGTH DATA ELEMENTS--GENERAL INFORMATION
fixed length control field 220217s9999||||xx |||||||||||||| ||und||
020 ## - INTERNATIONAL STANDARD BOOK NUMBER
International Standard Book Number 981-4066-419
082 ## - DEWEY DECIMAL CLASSIFICATION NUMBER
Classification number 005.73 NEI
100 ## - MAIN ENTRY--PERSONAL NAME
Personal name Neil, Patrick, O Neil, Elizabeth, O
9 (RLIN) 3084
245 #0 - TITLE STATEMENT
Title Database :principles programming performance
250 ## - EDITION STATEMENT
Edition statement 2nd
260 ## - PUBLICATION, DISTRIBUTION, ETC.
Place of publication, distribution, etc. Harcourt asia ltd.
Name of publisher, distributor, etc. Singapore
Date of publication, distribution, etc. 2001
300 ## - PHYSICAL DESCRIPTION
Other physical details 400
650 ## - SUBJECT ADDED ENTRY--TOPICAL TERM
Topical term or geographic name entry element DATA FILES & DATABASE
9 (RLIN) 695
Holdings
Withdrawn status Lost status Damaged status Not for loan Collection code Home library Current library Shelving location Date acquired Full call number Barcode Date last seen Price effective from Koha item type
        Computer Science and Engineering Central Library Central Library Reference 02/18/2022 005.73 NEI 5988 02/18/2022 02/18/2022 Books

Powered by Koha